| 000 | 01372cam a22001934a 4500 | ||
|---|---|---|---|
| 005 | 20250605164234.0 | ||
| 008 | 250528s ||||||||||||||||||||||||d | ||
| 035 | _a21077 | ||
| 020 | _a9789600232509 | ||
| 040 |
_aGR-AtMCL _bgre _dGR-AtMCL _eAACR2 |
||
| 245 | 1 | _aΚριτική Θεωρία και Άνθρωπος | |
| 260 |
_bΠαπαζήση, _c1994 |
||
| 300 | _a208 | ||
| 520 | _aΗ Κριτική Θεωρία: Η Σύγχρονη Κοινωνική και Αισθητική Θεωρία, Κοινωνία και Ορθολογισμός και Σοσιαλισμός, Τεχνολογία και Κουλτούρα και Παιδεία, Η Κρίση και η Πληροφορική και το Κράτος, Ιδεολογία και Κουλτούρα: Από τον Γκράμσι στον Μαρκούζε, Κρίση της Παιδείας και Έλλειψη Εναλλακτικής Προοπτικής, Παιδεία και Εκπαίδευση - Μεθοδολογικές Παρατηρήσεις για τη Συγκρότηση ενός Σύγχρονου και Κριτικού Σχεδίου, Η Ανάγκη ενός Νέου Ριζοσπαστικού Σχεδίου, Τέχνη και Κοινωνία και Μοντερνισμός. | ||
| 700 | 1 |
_aΦιοραβάντες Β _97111 |
|
| 942 | _cBK | ||
| 999 |
_c6148 _d6148 |
||